| 000 | 00666nam a22001937a 4500 | ||
|---|---|---|---|
| 999 |
_c159359 _d159359 |
||
| 005 | 20181215114347.0 | ||
| 010 | _aENG-124538 | ||
| 020 |
_c395.00 _a9789352807895 |
||
| 035 | _a EN-108070 | ||
| 037 | _bDBAD/PUB. | ||
| 082 | _a658.11 | ||
| 100 | _aKapal, Rishi | ||
| 245 |
_aKites in a hurricane startups: _cby Rishi Kapal _bfrom cradle to fame / |
||
| 260 |
_aNew Delhi _bSage Publications India Pvt. Ltd. _c2018 |
||
| 270 |
_aB1/I-1, Mohan Cooperative Industrial Area Mathura Road Post Bag 7 _bNew Delhi _e110044 |
||
| 300 |
_axiii,249p. _c21cm.(pbk) _bill. picture |
||
| 500 | _aIt includes about the author | ||
| 942 |
_2ddc _cEN _mKAP _h658.11 |
||